Money and banking in Malaysia
Spremljeno u:
| Format: | Knjiga |
|---|---|
| Jezik: | Undetermined |
| Izdano: |
Kuala Lumpur
Bank Negara Malaysia
1979
|
| Teme: | |
| Oznake: |
Dodaj oznaku
Bez oznaka, Budi prvi tko označuje ovaj zapis!
|
| Thư viện lưu trữ: | Trung tâm Học liệu Trường Đại học Cần Thơ |
|---|
| LEADER | 00562nam a2200193Ia 4500 | ||
|---|---|---|---|
| 001 | CTU_109109 | ||
| 008 | 210402s9999 xx 000 0 und d | ||
| 082 | |a 332.1 | ||
| 082 | |b M742 | ||
| 245 | 0 | |a Money and banking in Malaysia | |
| 245 | 0 | |c by the Economic Research and Statistics Department | |
| 260 | |a Kuala Lumpur | ||
| 260 | |b Bank Negara Malaysia | ||
| 260 | |c 1979 | ||
| 650 | |a Bank negara malaysia,Banks and banking,Money | ||
| 650 | |x Malaysia | ||
| 650 | |z Malaysia | ||
| 904 | |i M.Loan | ||
| 980 | |a Trung tâm Học liệu Trường Đại học Cần Thơ | ||